[Event "Warsaw YMCA Autumn-B 265th"]
[Site "Warsaw"]
[Date "2022.10.27"]
[Round "5"]
[White "Wojciechowski, Franciszek"]
[Black "Dropia, Rafal"]
[Result "0-1"]
[WhiteElo "1503"]
[BlackElo "1568"]
[PlyCount "86"]
[EventDate "2022.09.28"]
[EventType "tourn"]
[EventRounds "13"]
[EventCountry "POL"]
[SourceTitle "EXT 2024"]
[Source "ChessBase"]
[SourceDate "2023.10.10"]
[SourceVersion "1"]
[SourceVersionDate "2023.10.10"]
[SourceQuality "1"]

1. d4 d6 2. e4 e5 3. dxe5 dxe5 4. Qxd8+ Kxd8 5. Bc4 Be6 6. Bg5+ Nf6 7. Bxe6 fxe6 8. Nd2 Bd6 9. Ngf3 Nc6 10. c3 h6 11. Bh4 g5 12. Bg3 Nh5 13. 0-0-0 Ke7 14. Nc4 Nf4 15. h4 Ne2+ 16. Kb1 Nxg3 17. fxg3 g4 18. Ne1 h5 19. Rd2 Rhf8 20. Nc2 Rad8 21. Rhd1 b5 22. Nxd6 Rxd6 23. Ne3 Na5 24. b4 Nb7 25. c4 Rfd8 26. Rxd6 Nxd6 27. cxb5 Nxe4 28. Rc1 Nxg3 29. Rxc7+ Rd7 30. Rc8 Nf5 31. Nc4 e4 32. Ne5 Rb7 33. Nc6+ Kd6 34. Rd8+ Kc7 35. a4 Nxh4 36. Rh8 Nxg2 37. Rxh5 Kd6 38. Rg5 e3 39. Nd4 e5 40. Rxg4 exd4 41. Rxg2 Rc7 42. Rc2 Rf7 43. Kc1 Rf1+ 0-1

[Event "Warsaw YMCA Autumn-B 265th"]
[Site "Warsaw"]
[Date "2022.10.19"]
[Round "4"]
[White "Tsiapko, Andrii"]
[Black "Wojciechowski, Franciszek"]
[Result "1/2-1/2"]
[WhiteElo "1590"]
[BlackElo "1503"]
[PlyCount "51"]
[EventDate "2022.09.28"]
[EventType "tourn"]
[EventRounds "13"]
[EventCountry "POL"]
[SourceTitle "EXT 2024"]
[Source "ChessBase"]
[SourceDate "2023.10.10"]
[SourceVersion "1"]
[SourceVersionDate "2023.10.10"]
[SourceQuality "1"]

1. d4 Nf6 2. Nf3 b6 3. c4 e6 4. g3 Bb7 5. Bg2 Be7 6. 0-0 0-0 7. Nc3 Ne4 8. Qc2 Nxc3 9. Qxc3 d6 10. Re1 f5 11. Ng5 Bxg2 12. Nxe6 Qc8 13. Nxf8 Bb7 14. Nxh7 Kxh7 15. d5 Nd7 16. e4 Bf6 17. Qc2 Ne5 18. Kg2 Ba6 19. Bd2 Bxc4 20. f4 Bd3 21. Qb3 Bxe4+ 22. Rxe4 fxe4 23. fxe5 Bxe5 24. Qc2 Qf5 25. Rf1 Qg4 26. Bf4 1/2-1/2

[Event "Warsaw YMCA Autumn-B 265th"]
[Site "Warsaw"]
[Date "2022.10.12"]
[Round "3"]
[White "Wojciechowski, Franciszek"]
[Black "Szumigaj, Marcin"]
[Result "0-1"]
[WhiteElo "1503"]
[BlackElo "1510"]
[PlyCount "40"]
[EventDate "2022.09.28"]
[EventType "tourn"]
[EventRounds "13"]
[EventCountry "POL"]
[SourceTitle "EXT 2024"]
[Source "ChessBase"]
[SourceDate "2023.10.10"]
[SourceVersion "1"]
[SourceVersionDate "2023.10.10"]
[SourceQuality "1"]

1. d4 Nf6 2. c4 c5 3. d5 b5 4. cxb5 a6 5. bxa6 g6 6. Nc3 Bg7 7. e4 Qa5 8. Bd2 d6 9. Bb5+ Bd7 10. Bxd7+ Nfxd7 11. f4 0-0 12. Nf3 Nxa6 13. 0-0 Rfb8 14. Rb1 Nb4 15. a3 Nd3 16. Qc2 c4 17. Nd1 Qa4 18. Qxa4 Rxa4 19. Bc3 Rxa3 20. Nd4 Rxc3 0-1

[Event "POL-ch U17 Qual"]
[Site "Jastrzebia Gora"]
[Date "2021.11.20"]
[Round "8"]
[White "Chybalski, Piotr"]
[Black "Wojciechowski, Franciszek"]
[Result "1-0"]
[WhiteElo "1377"]
[BlackElo "1716"]
[PlyCount "105"]
[EventDate "2021.11.15"]
[EventType "swiss"]
[EventRounds "9"]
[EventCountry "POL"]
[SourceTitle "EXT 2023"]
[Source "ChessBase"]
[SourceDate "2022.10.05"]
[SourceVersion "1"]
[SourceVersionDate "2022.10.05"]
[SourceQuality "1"]

1. d4 d5 2. c4 c6 3. Nf3 Nf6 4. Nc3 dxc4 5. a4 Bf5 6. Ne5 Nbd7 7. Nxc4 Nb6 8. e3 e6 9. Qb3 Nxc4 10. Bxc4 Qb6 11. 0-0 Qxb3 12. Bxb3 Be7 13. f3 0-0 14. Rd1 Rfd8 15. e4 Bg6 16. Bg5 h6 17. Bh4 Kf8 18. Rd2 Ke8 19. Bxf6 Bxf6 20. Rad1 Bg5 21. Rd3 Rd7 22. Kf2 Rad8 23. Ke2 Ke7 24. g3 Bh5 25. h4 Bf6 26. e5 Bxe5 27. dxe5 Rxd3 28. Rxd3 Rxd3 29. Kxd3 Bxf3 30. Bd1 Bxd1 31. Nxd1 f6 32. Ke4 h5 33. Ne3 g5 34. exf6+ Kxf6 35. hxg5+ Kxg5 36. Ke5 b5 37. a5 c5 38. Kxe6 c4 39. Kd5 a6 40. Ke4 b4 41. Kd4 c3 42. bxc3 b3 43. Kd3 h4 44. gxh4+ Kxh4 45. c4 Kg5 46. Kc3 Kf6 47. Kxb3 Ke5 48. Kb4 Kd6 49. c5+ Kc7 50. Kc4 Kc6 51. Nf1 Kc7 52. Kd5 Kd7 53. c6+ 1-0

[Event "POL-ch U17 Qual"]
[Site "Jastrzebia Gora"]
[Date "2021.11.16"]
[Round "3"]
[White "Jedrzejczak, Michal"]
[Black "Wojciechowski, Franciszek"]
[Result "1/2-1/2"]
[WhiteElo "1448"]
[BlackElo "1716"]
[PlyCount "109"]
[EventDate "2021.11.15"]
[EventType "swiss"]
[EventRounds "9"]
[EventCountry "POL"]
[SourceTitle "EXT 2023"]
[Source "ChessBase"]
[SourceDate "2022.10.05"]
[SourceVersion "1"]
[SourceVersionDate "2022.10.05"]
[SourceQuality "1"]

1. e4 e6 2. d4 d5 3. Bd3 dxe4 4. Bxe4 Nf6 5. Bf3 c5 6. Ne2 Nc6 7. Be3 cxd4 8. Nxd4 Ne5 9. 0-0 Nxf3+ 10. Qxf3 Bc5 11. Rd1 Qb6 12. Nc3 Bd7 13. a4 a6 14. a5 Qc7 15. Bf4 Qc8 16. Ne4 Nxe4 17. Qxe4 0-0 18. Rd3 Bxd4 19. Qxd4 Bb5 20. Bh6 f6 21. Qg4 Rf7 22. Rg3 Qd7 23. c4 Bc6 24. Rd1 Qe7 25. Rgd3 e5 26. Be3 Rff8 27. Rd7 Bxd7 28. Rxd7 f5 29. Rxe7 fxg4 30. Rxb7 Rfd8 31. Kf1 Rd1+ 32. Ke2 Rh1 33. c5 Kf8 34. c6 Rc8 35. Rb6 Ke7 36. Bc5+ Ke6 37. Rxa6 Kd5 38. b4 Rxc6 39. Ra7 Rxh2 40. g3 Rhh6 41. Rxg7 Rxc5 42. bxc5 Ra6 43. Rxg4 Rxa5 44. Rh4 Ra7 45. Rh5 Re7 46. f4 Kxc5 47. Kf3 Kd6 48. fxe5+ Rxe5 49. Rxh7 Ke6 50. Kf4 Ra5 51. g4 Kf6 52. Rh6+ Kg7 53. g5 Ra1 54. Rb6 Rf1+ 55. Kg4 1/2-1/2

[Event "Rubinstein Memorial op-D 57th"]
[Site "Polanica Zdroj"]
[Date "2021.08.22"]
[Round "9"]
[White "Wojciechowski, Franciszek"]
[Black "Smukowski, Bartosz"]
[Result "1-0"]
[WhiteElo "1524"]
[BlackElo "1659"]
[PlyCount "41"]
[EventDate "2021.08.14"]
[EventType "swiss"]
[EventRounds "9"]
[EventCountry "POL"]
[SourceTitle "CBM 204 Extra"]
[Source "ChessBase"]
[SourceDate "2021.11.30"]
[SourceVersion "1"]
[SourceVersionDate "2021.11.30"]
[SourceQuality "1"]

1. d4 d5 2. Bf4 Nf6 3. e3 g6 4. Nf3 Bg7 5. Nbd2 c6 6. Be2 Bf5 7. Nh4 Be6 8. Nhf3 Nbd7 9. Ne5 Nxe5 10. Bxe5 0-0 11. h4 Nd7 12. Bxg7 Kxg7 13. h5 f6 14. Bd3 Nb6 15. hxg6 hxg6 16. Rh7+ Kg8 17. Bxg6 Rf7 18. Qh5 Rxh7 19. Qxh7+ Kf8 20. Qh8+ Bg8 21. Qh6# 1-0

[Event "Rubinstein Memorial op-D 57th"]
[Site "Polanica Zdroj"]
[Date "2021.08.18"]
[Round "5"]
[White "Rosinski, Radoslaw"]
[Black "Wojciechowski, Franciszek"]
[Result "0-1"]
[WhiteElo "1724"]
[BlackElo "1524"]
[PlyCount "64"]
[EventDate "2021.08.14"]
[EventType "swiss"]
[EventRounds "9"]
[EventCountry "POL"]
[SourceTitle "CBM 204 Extra"]
[Source "ChessBase"]
[SourceDate "2021.11.30"]
[SourceVersion "1"]
[SourceVersionDate "2021.11.30"]
[SourceQuality "1"]

1. d4 d5 2. Nf3 Nf6 3. Bf4 c5 4. c3 Qb6 5. Qb3 c4 6. Qxb6 axb6 7. Na3 Bd7 8. e3 e6 9. Nc2 Nc6 10. Be2 b5 11. 0-0 b4 12. Ne5 bxc3 13. Nxd7 Kxd7 14. bxc3 Ne4 15. Rab1 Ra7 16. Rb2 Nxc3 17. Bf3 Bd6 18. Bxd6 Kxd6 19. Nb4 Nxb4 20. Rxb4 Nxa2 21. Rb2 c3 22. Rc2 Ra3 23. Rb1 Nb4 24. Rcc1 Nd3 25. Rc2 Rha8 26. Kf1 Ra1 27. Rxa1 Rxa1+ 28. Ke2 Nc1+ 29. Kd1 Na2+ 30. Ke2 b5 31. Kd3 b4 32. e4 b3 0-1